000 00362nam a2200145Ia 4500
008 230917s9999||||xx |||||||||||||| ||und||
040 _e154670
_aMAIN
041 _aEnglish
082 _a294.538 P196V
100 _aPant, M M N
245 0 _aVarsakrtyadipaka
260 _aVaranasi
_bChoukhamba Sanskrit Series Office
_c1967
300 _a455 p.
942 _cBK
999 _c160014
_d160014